[Event "Berks & Bucks op"]
[Site "Maidenhead"]
[Date "2022.08.29"]
[Round "6"]
[White "Bicknell, Carl"]
[Black "Hackett, David G"]
[Result "1-0"]
[WhiteElo "2106"]
[BlackElo "2056"]
[PlyCount "91"]
[EventDate "2022.08.27"]
[EventType "swiss"]
[EventRounds "6"]
[EventCountry "ENG"]
[SourceTitle "CBM 210 Extra"]
[Source "ChessBase"]
[SourceDate "2022.11.30"]
[SourceVersion "1"]
[SourceVersionDate "2022.11.30"]
[SourceQuality "1"]

1. e4 c5 2. c3 Nf6 3. e5 Nd5 4. Bc4 Nb6 5. Bb3 e6 6. d4 d5 7. Nf3 Nc6 8. 0-0 Bd7 9. Be3 c4 10. Bc2 Be7 11. Nbd2 Qc7 12. Qe2 f5 13. Bg5 0-0-0 14. b3 h6 15. Bxe7 Nxe7 16. a4 a5 17. b4 Na8 18. Nb1 Qb6 19. Na3 Nc7 20. Rfb1 Bc6 21. Nd2 axb4 22. Rxb4 Qa7 23. Rab1 Na6 24. R4b2 Nc7 25. Qf1 Rhf8 26. Bd1 g5 27. Be2 f4 28. Nb5 Bxb5 29. axb5 b6 30. Ra1 Qb8 31. Rba2 Rg8 32. Qb1 g4 33. Qb4 Kd7 34. Ra7 Nc8 35. R7a2 Ne7 36. Qb1 Rg7 37. Qc1 Rf8 38. Qa3 Rd8 39. Bd1 Nc8 40. Nf1 h5 41. Qc1 Rf8 42. g3 Ne7 43. gxf4 Nf5 44. Ng3 Rh7 45. Nxf5 Rxf5 46. Bc2 1-0

[Event "Berks & Bucks op"]
[Site "Maidenhead"]
[Date "2022.08.27"]
[Round "1"]
[White "Hackett, David G"]
[Black "Arora, Tashika"]
[Result "1-0"]
[WhiteElo "2056"]
[BlackElo "1874"]
[PlyCount "69"]
[EventDate "2022.08.27"]
[EventType "swiss"]
[EventRounds "6"]
[EventCountry "ENG"]
[SourceTitle "CBM 210 Extra"]
[Source "ChessBase"]
[SourceDate "2022.11.30"]
[SourceVersion "1"]
[SourceVersionDate "2022.11.30"]
[SourceQuality "1"]

1. e4 e5 2. d4 exd4 3. Qxd4 Nc6 4. Qe3 g6 5. Nc3 Nge7 6. Bc4 Bg7 7. Nf3 Na5 8. Bd3 d6 9. 0-0 h6 10. Bd2 Be6 11. Nd5 Nac6 12. Bc3 Ne5 13. Nxe5 dxe5 14. Rad1 Bxd5 15. exd5 0-0 16. Bc4 Nf5 17. Qd3 Nd6 18. Bb4 f5 19. Bb3 e4 20. Qe2 Qh4 21. c4 a5 22. Ba3 b6 23. Rfe1 f4 24. Bxd6 cxd6 25. Qxe4 g5 26. Bc2 Rfe8 27. Qg6 Kf8 28. Qxd6+ Kg8 29. Qg6 Kf8 30. d6 Qg4 31. Bf5 Qh4 32. Re7 Rxe7 33. dxe7+ Kxe7 34. Rd7+ Kf8 35. Qf7# 1-0

[Event "BCF-chT3Sa 1819 (4NCL)"]
[Site "England"]
[Date "2019.02.10"]
[Round "6.15"]
[White "Hackett, David G"]
[Black "Gilfillan, Andrew"]
[Result "1/2-1/2"]
[WhiteElo "2075"]
[BlackElo "2095"]
[PlyCount "35"]
[EventDate "2018.11.17"]
[EventType "team-tourn"]
[EventRounds "7"]
[EventCountry "ENG"]
[SourceTitle "EXT 2021"]
[Source "ChessBase"]
[SourceDate "2020.10.23"]
[SourceVersion "1"]
[SourceVersionDate "2020.10.23"]
[SourceQuality "1"]
[WhiteTeam "Check Innmates"]
[BlackTeam "Kings Head"]
[WhiteTeamCountry "ENG"]
[BlackTeamCountry "ENG"]

1. e4 c5 2. Nc3 g6 3. g3 Bg7 4. Bg2 Nc6 5. d3 d6 6. f4 e6 7. Nf3 Nge7 8. 0-0 0-0 9. Be3 b6 10. g4 d5 11. Bf2 dxe4 12. Nxe4 Nd5 13. Qd2 f5 14. gxf5 exf5 15. Nc3 Nxc3 16. bxc3 Bb7 17. Rae1 Qd7 18. Bg3 1/2-1/2

[Event "BCF-chT3Sb 1718 (4NCL)"]
[Site "England"]
[Date "2018.02.11"]
[Round "6.86"]
[White "Hassall, Mark Ian"]
[Black "Hackett, David G"]
[Result "1/2-1/2"]
[WhiteElo "1938"]
[BlackElo "2114"]
[PlyCount "73"]
[EventDate "2017.11.11"]
[EventType "team-tourn"]
[EventRounds "11"]
[EventCountry "ENG"]
[SourceTitle "EXT 2020"]
[Source "ChessBase"]
[SourceDate "2019.10.17"]
[SourceVersion "1"]
[SourceVersionDate "2019.10.17"]
[SourceQuality "1"]
[WhiteTeam "West is Best III"]
[BlackTeam "Brown Jack"]
[WhiteTeamCountry "WLS"]
[BlackTeamCountry "ENG"]

1. e4 c5 2. Nf3 Nc6 3. d4 cxd4 4. Nxd4 e5 5. Nb5 a6 6. Nd6+ Bxd6 7. Qxd6 Qf6 8. Qxf6 Nxf6 9. Nc3 d5 10. exd5 Nb4 11. Bd3 Nxd3+ 12. cxd3 Bf5 13. 0-0 Kd7 14. Rd1 Rac8 15. Bg5 Bg6 16. Rac1 b5 17. Bxf6 gxf6 18. Ne4 Bxe4 19. dxe4 f5 20. f3 fxe4 21. fxe4 Rc4 22. Rxc4 bxc4 23. Rc1 Rb8 24. Rxc4 Rxb2 25. Ra4 Rb6 26. Kf2 Kd6 27. Ke3 Kc5 28. Ra3 Rh6 29. h3 Rg6 30. Kf2 Kd4 31. Rf3 Kxe4 32. Rxf7 h6 33. Rd7 Kd4 34. d6 e4 35. g4 Rf6+ 36. Ke2 e3 37. Re7 1/2-1/2

[Event "BCF-chT3S 1617 (4NCL) Demotion pool"]
[Site "England"]
[Date "2017.04.30"]
[Round "10.52"]
[White "Hackett, David G"]
[Black "Forster, Matthew"]
[Result "1/2-1/2"]
[WhiteElo "2145"]
[BlackElo "1982"]
[PlyCount "100"]
[EventDate "2016.11.26"]
[EventType "team-tourn"]
[EventRounds "11"]
[EventCountry "ENG"]
[SourceTitle "EXT 2019"]
[Source "ChessBase"]
[SourceDate "2018.10.10"]
[SourceVersion "1"]
[SourceVersionDate "2018.10.10"]
[SourceQuality "1"]
[WhiteTeam "Brown Jack"]
[BlackTeam "Sussex Martlets II"]
[WhiteTeamCountry "ENG"]
[BlackTeamCountry "ENG"]

1. e4 c5 2. Nc3 Nc6 3. g3 g6 4. Bg2 Bg7 5. d3 d6 6. f4 e6 7. Nf3 Nge7 8. 0-0 0-0 9. Be3 b6 10. g4 d5 11. Bf2 d4 12. Ne2 f5 13. h3 e5 14. exf5 gxf5 15. Nxe5 Bxe5 16. fxe5 fxg4 17. Bh4 Bb7 18. Nf4 Qc8 19. Qxg4+ Qxg4 20. hxg4 Rab8 21. Bf6 Rfe8 22. g5 Nb4 23. Rf2 Bxg2 24. Rxg2 Nbd5 25. Nxd5 Nxd5 26. g6 Nxf6 27. gxh7+ Kxh7 28. exf6 Rg8 29. Re1 Rxg2+ 30. Kxg2 Kg6 31. Re7 Kxf6 32. Rxa7 Ke6 33. Kf3 Kd6 34. a4 Rf8+ 35. Ke2 Rh8 36. Rf7 Rh2+ 37. Rf2 Rh6 38. Kd2 Kc6 39. c3 dxc3+ 40. Kxc3 Rh4 41. Rf6+ Kb7 42. b3 Rd4 43. Re6 Ka6 44. Re4 Rd6 45. b4 cxb4+ 46. Rxb4 Ka5 47. Rc4 Rf6 48. Kb3 Rf1 49. Rc8 Rb1+ 50. Kc2 Ra1 1/2-1/2

[Event "BCF-chT2d 1415 (4NCL) Demotion pool"]
[Site "England"]
[Date "2015.03.29"]
[Round "8.254"]
[White "Hackett, David G"]
[Black "Smith, Graham M"]
[Result "1-0"]
[WhiteElo "2113"]
[BlackElo "2063"]
[PlyCount "93"]
[EventDate "2015.03.29"]
[EventType "team-tourn"]
[EventRounds "11"]
[EventCountry "ENG"]
[SourceTitle "EXT 2016"]
[Source "ChessBase"]
[SourceDate "2015.10.08"]
[SourceVersion "1"]
[SourceVersionDate "2015.10.08"]
[SourceQuality "1"]
[WhiteTeam "Brown Jack Witney"]
[BlackTeam "MK Phoenix"]
[WhiteTeamCountry "ENG"]
[BlackTeamCountry "ENG"]

1. e4 c5 2. Nc3 e6 3. g3 Nc6 4. Bg2 g6 5. d3 Bg7 6. Be3 d6 7. f4 Nge7 8. Nf3 0-0 9. 0-0 b6 10. e5 d5 11. Bf2 f5 12. Nb5 Bd7 13. a4 a6 14. Nd6 Nc8 15. Nxc8 Rxc8 16. d4 c4 17. h3 Qe7 18. Be1 Ra8 19. Qd2 Rfc8 20. g4 c3 21. bxc3 Na5 22. Bh4 Qe8 23. Bf6 Nc4 24. Qf2 Bxa4 25. gxf5 exf5 26. Nd2 Bb5 27. Bxd5+ Kh8 28. Bxg7+ Kxg7 29. Nxc4 Bxc4 30. Bxa8 Rxa8 31. Rfe1 Qe6 32. Rad1 b5 33. d5 Bxd5 34. Qc5 Bc4 35. Rd6 Qf7 36. e6 Qf6 37. e7 Qxc3 38. Qe5+ Qxe5 39. Rxe5 Re8 40. Rxa6 Kf7 41. Ra7 h6 42. h4 Be6 43. Rb7 b4 44. Kf2 Rxe7 45. Rxe7+ Kxe7 46. Rb5 Kf6 47. Rb6 1-0

[Event "BCF-chT2a 1415 (4NCL)"]
[Site "England"]
[Date "2015.01.11"]
[Round "4.99"]
[White "Kalaiyalahan, Akshaya"]
[Black "Hackett, David G"]
[Result "1/2-1/2"]
[WhiteElo "2016"]
[BlackElo "2115"]
[PlyCount "64"]
[EventDate "2014.11.15"]
[EventType "team-tourn"]
[EventRounds "7"]
[EventCountry "ENG"]
[SourceTitle "EXT 2016"]
[Source "ChessBase"]
[SourceDate "2015.10.08"]
[SourceVersion "1"]
[SourceVersionDate "2015.10.08"]
[SourceQuality "1"]
[WhiteTeam "Guildford III"]
[BlackTeam "Brown Jack Witney"]
[WhiteTeamCountry "ENG"]
[BlackTeamCountry "ENG"]

1. d4 Nf6 2. Nf3 g6 3. g3 Bg7 4. Bg2 0-0 5. c4 Nc6 6. 0-0 d6 7. Nc3 e5 8. d5 Ne7 9. e4 Ne8 10. Ne1 f5 11. Nd3 Nf6 12. f3 c5 13. a4 Nh5 14. a5 f4 15. g4 Nf6 16. h3 g5 17. Qe2 Ng6 18. Bd2 h5 19. Nd1 Rb8 20. b4 b6 21. axb6 axb6 22. Ra7 Rf7 23. Rxf7 Kxf7 24. Nc3 Bd7 25. Ra1 Ra8 26. Qd1 hxg4 27. hxg4 Qc8 28. Rxa8 Qxa8 29. b5 Bf8 30. Qa4 Qb7 31. Qa6 Bc8 32. Qxb7+ Bxb7 1/2-1/2

[Event "BCF-chT2d 1314 (4NCL)"]
[Site "England"]
[Date "2014.05.04"]
[Round "10.56"]
[White "Gill, Oliver"]
[Black "Hackett, David G"]
[Result "1/2-1/2"]
[WhiteElo "2022"]
[BlackElo "2118"]
[PlyCount "122"]
[EventDate "2013.11.16"]
[EventType "team-tourn"]
[EventRounds "11"]
[EventCountry "ENG"]
[SourceTitle "EXT 2015"]
[Source "ChessBase"]
[SourceDate "2014.11.20"]
[SourceVersion "1"]
[SourceVersionDate "2014.11.20"]
[SourceQuality "1"]
[WhiteTeam "Wessex"]
[BlackTeam "Brown Jack"]
[WhiteTeamCountry "ENG"]
[BlackTeamCountry "ENG"]

1. e4 c5 2. b3 Nc6 3. Bb2 e5 4. Bc4 Nf6 5. Nc3 Be7 6. d3 0-0 7. Nge2 Nd4 8. 0-0 a6 9. a4 Rb8 10. a5 Bd6 11. Qd2 Bc7 12. Nxd4 exd4 13. Nd5 Nxd5 14. Bxd5 g5 15. c3 Be5 16. cxd4 cxd4 17. f4 gxf4 18. Rxf4 Qg5 19. Rxf7 Qxd2 20. Rf2+ Kg7 21. Rxd2 b5 22. g3 Bb7 23. Bxb7 Rxb7 24. Rc1 Kg6 25. Rf2 Rbb8 26. Rxf8 Rxf8 27. Kg2 Rf6 28. Rc5 Rc6 29. Ba3 Kf6 30. Rxc6+ dxc6 31. Bc5 Ke6 32. Kf3 Kf6 33. h4 Kg6 34. Kg4 h5+ 35. Kh3 Kf7 36. g4 Kg6 37. Be7 Kf7 38. Bc5 Kg6 39. b4 Kh6 40. gxh5 Kxh5 41. Be7 Bf4 42. Bf8 Be5 43. Bc5 Bf6 44. Bd6 Bxh4 45. e5 Be1 46. e6 Kg6 47. Kg4 Kf6 48. e7 Kf7 49. Bc5 Bf2 50. Kf5 Bh4 51. e8Q+ Kxe8 52. Ke6 Bg3 53. Bxd4 Kd8 54. Bc5 Kc7 55. Bb6+ Kc8 56. d4 Be1 57. Bc5 Kc7 58. Bd6+ Kc8 59. Bc5 Kc7 60. Bb6+ Kb7 61. Bc5 Kc7 1/2-1/2

[Event "BCF-chT2b 1314 (4NCL)"]
[Site "England"]
[Date "2013.11.17"]
[Round "2.87"]
[White "Hackett, David G"]
[Black "Stewart, Ashley"]
[Result "1/2-1/2"]
[WhiteElo "2117"]
[BlackElo "2031"]
[PlyCount "100"]
[EventDate "2013.11.16"]
[EventType "team-swiss"]
[EventRounds "11"]
[EventCountry "ENG"]
[SourceTitle "CBM 157 Extra"]
[Source "ChessBase"]
[SourceDate "2013.12.19"]
[SourceVersion "1"]
[SourceVersionDate "2013.12.19"]
[SourceQuality "1"]
[WhiteTeam "Brown Jack"]
[BlackTeam "Barbican Youth"]
[WhiteTeamCountry "ENG"]
[BlackTeamCountry "ENG"]

1. e4 c5 2. Nc3 g6 3. g3 Bg7 4. Bg2 Nc6 5. d3 d6 6. f4 e5 7. Nh3 Nge7 8. 0-0 Nd4 9. f5 gxf5 10. exf5 Bxf5 11. Ng5 Bg6 12. Nd5 Nxd5 13. Bxd5 0-0 14. h4 Qd7 15. g4 h6 16. h5 hxg5 17. hxg6 Ne6 18. gxf7+ Rxf7 19. Rxf7 Qxf7 20. Qf1 Qxf1+ 21. Kxf1 Re8 22. Bxg5 Kf8 23. Be3 Nf4 24. Bc4 Bh6 25. Kf2 Kg7 26. Kf3 Bg5 27. Ke4 Rd8 28. Kf5 Be7 29. Bxf4 exf4 30. Kxf4 d5 31. Bb3 b5 32. c3 Bd6+ 33. Kf5 c4 34. dxc4 bxc4 35. Ba4 Bf8 36. Rd1 Rd6 37. g5 Ra6 38. b3 Ra5 39. Ke6 Ra6+ 40. Ke5 cxb3 41. axb3 Rg6 42. Rxd5 Rxg5+ 43. Ke6 Rxd5 44. Kxd5 Kf7 45. Kc6 Bg7 46. c4 Ke7 47. Kc7 Be5+ 48. Kb7 Kd6 49. b4 Bd4 50. Bd1 Bg1 1/2-1/2

[Event "BCF-chT3S 1213 (4NCL)"]
[Site "England"]
[Date "2013.01.13"]
[Round "4.57"]
[White "Onley, David E"]
[Black "Hackett, David G"]
[Result "1-0"]
[WhiteElo "2106"]
[BlackElo "2143"]
[PlyCount "103"]
[EventDate "2012.11.03"]
[EventType "team-swiss"]
[EventRounds "6"]
[EventCountry "ENG"]
[SourceTitle "EXT 2014"]
[Source "ChessBase"]
[SourceDate "2013.11.20"]
[SourceVersion "1"]
[SourceVersionDate "2013.11.20"]
[SourceQuality "1"]
[WhiteTeam "FCA Solutions"]
[BlackTeam "Brown Jack"]
[WhiteTeamCountry "ENG"]
[BlackTeamCountry "ENG"]

1. e4 c5 2. Nf3 Nc6 3. Bb5 g6 4. 0-0 Bg7 5. Bxc6 dxc6 6. d3 Bg4 7. Nbd2 Nf6 8. h3 Bxf3 9. Nxf3 Nd7 10. Rb1 Qa5 11. Bd2 Qxa2 12. Bc3 e5 13. b3 Qa6 14. Ra1 Qb5 15. Ba5 b6 16. Bc3 a5 17. Nd2 0-0 18. Nc4 Qa6 19. Qg4 Qb7 20. f4 exf4 21. Bxg7 Kxg7 22. Nd6 Qc7 23. Qxf4 Kg8 24. e5 Rad8 25. Nxf7 Rde8 26. Qc4 Kg7 27. Nd6 Nxe5 28. Nxe8+ Rxe8 29. Qh4 Qd6 30. Rf4 Qd8 31. Qxd8 Rxd8 32. Re1 g5 33. Rf5 Ng6 34. Re6 c4 35. bxc4 a4 36. Rxc6 a3 37. Rxb6 Ra8 38. Rf1 a2 39. Ra1 Nf4 40. Kf2 Rf8 41. Kg3 Ne2+ 42. Kh2 Ra8 43. Rb2 Nc3 44. Kg3 Kg6 45. Kf3 h5 46. Rb3 Nb1 47. Rb6+ Kf5 48. Rb5+ Kf6 49. g4 h4 50. Ke3 Nc3 51. Rb6+ Kg7 52. d4 1-0

[Event "BCF-chT2d 1112 (4NCL)"]
[Site "England"]
[Date "2012.05.06"]
[Round "10.254"]
[White "Brett, Andrew"]
[Black "Hackett, David G"]
[Result "0-1"]
[WhiteElo "2087"]
[BlackElo "2130"]
[PlyCount "60"]
[EventDate "2011.11.12"]
[EventType "team-swiss"]
[EventRounds "11"]
[EventCountry "ENG"]
[SourceTitle "EXT 2013"]
[Source "ChessBase"]
[SourceDate "2012.11.22"]
[SourceVersion "1"]
[SourceVersionDate "2012.11.22"]
[SourceQuality "1"]
[WhiteTeam "Barbican Youth"]
[BlackTeam "Brown Jack"]
[WhiteTeamCountry "ENG"]
[BlackTeamCountry "ENG"]

1. c4 Nf6 2. Nc3 g6 3. g3 Bg7 4. Bg2 0-0 5. e4 d6 6. Nge2 Nc6 7. 0-0 e5 8. d3 Nd4 9. Nxd4 exd4 10. Ne2 c5 11. a3 Rb8 12. b4 b5 13. bxc5 dxc5 14. Rb1 Bd7 15. Bf4 Rb6 16. cxb5 Bxb5 17. a4 Ba6 18. Rc1 Nd7 19. Qd2 Rb3 20. Qa2 Rxd3 21. Rc2 Re8 22. Rb1 c4 23. Rxc4 g5 24. Bc7 Qe7 25. Rc6 Ra3 26. Qd2 Rxa4 27. Qd1 Qa3 28. Rb3 Bxe2 29. Qc2 Qa1+ 30. Rb1 d3 0-1

[Event "BCF-chT2b 1112 (4NCL)"]
[Site "England"]
[Date "2012.03.31"]
[Round "7.16"]
[White "Hackett, David G"]
[Black "Varnam, Liam"]
[Result "1-0"]
[WhiteElo "2130"]
[BlackElo "2060"]
[PlyCount "85"]
[EventDate "2011.11.12"]
[EventType "team-match"]
[EventRounds "7"]
[EventCountry "ENG"]
[SourceTitle "EXT 2013"]
[Source "ChessBase"]
[SourceDate "2012.11.22"]
[SourceVersion "1"]
[SourceVersionDate "2012.11.22"]
[SourceQuality "1"]
[WhiteTeam "Brown Jack"]
[BlackTeam "Sambuca Sharks"]
[WhiteTeamCountry "ENG"]
[BlackTeamCountry "ENG"]

1. e4 e5 2. d4 exd4 3. Qxd4 Nc6 4. Qe3 Nge7 5. Nc3 d6 6. Nf3 Ng6 7. Bc4 Nge5 8. Nxe5 Nxe5 9. Bb3 Be6 10. 0-0 c6 11. Qe2 b5 12. f4 Bc4 13. Bxc4 Nxc4 14. Kh1 Be7 15. b3 Nb6 16. Bb2 b4 17. Nd1 0-0 18. Ne3 Bf6 19. e5 dxe5 20. fxe5 Bg5 21. Rad1 Qc7 22. Nf5 g6 23. Qg4 h6 24. h4 gxf5 25. Rxf5 Nd5 26. Rxg5+ hxg5 27. Qxg5+ Kh7 28. Rd4 Rg8 29. Qf5+ Kg7 30. e6 Kf8 31. Re4 Re8 32. Be5 Qe7 33. Bd6 f6 34. Bxe7+ Rxe7 35. h5 Rg5 36. Qf3 Rh7 37. g4 Ke7 38. Qf2 Ke8 39. Qc5 Rc7 40. Qd6 f5 41. Rd4 Rxg4 42. Rxg4 fxg4 43. Kg1 1-0

[Event "BCF-chT4 0607 (4NCL)"]
[Site "Sunningdale"]
[Date "2007.05.28"]
[Round "11.62"]
[White "Hackett, David G"]
[Black "Waterfield, John"]
[Result "1-0"]
[WhiteElo "2156"]
[BlackElo "2035"]
[PlyCount "55"]
[EventDate "2006.09.16"]
[EventType "team"]
[EventRounds "11"]
[EventCountry "ENG"]
[SourceTitle "EXT 2008"]
[Source "ChessBase"]
[SourceDate "2007.11.25"]
[SourceVersion "1"]
[SourceVersionDate "2007.11.25"]
[SourceQuality "1"]
[WhiteTeam "Oxford II"]
[BlackTeam "Monmouth"]
[WhiteTeamCountry "ENG"]
[BlackTeamCountry "ENG"]

1. e4 c5 2. Nc3 Nc6 3. g3 g6 4. Bg2 Bg7 5. d3 e6 6. f4 Nge7 7. Nf3 0-0 8. 0-0 d5 9. e5 f6 10. Re1 fxe5 11. fxe5 Nf5 12. Bf4 a6 13. Qd2 Nfd4 14. Nxd4 cxd4 15. Nd1 Qc7 16. Nf2 Bd7 17. Ng4 Kh8 18. Bh6 Rf7 19. Bxg7+ Kxg7 20. Qh6+ Kh8 21. Rf1 Raf8 22. Rxf7 Rxf7 23. Rf1 Bc8 24. Rf6 Rxf6 25. exf6 Qf7 26. Qg5 Bd7 27. Qf4 Be8 28. Nh6 1-0

[Event "BCF-chT 9697 (4NCL)"]
[Site "England"]
[Date "1997.??.??"]
[Round "6.6"]
[White "Smith, Andrew Philip"]
[Black "Hackett, David G"]
[Result "1-0"]
[WhiteElo "2265"]
[BlackElo "2000"]
[PlyCount "67"]
[EventDate "1996.10.??"]
[EventType "team"]
[EventRounds "12"]
[EventCountry "ENG"]
[SourceTitle "EXT 1999"]
[Source "ChessBase"]
[SourceDate "1998.11.16"]
[SourceVersion "1"]
[SourceVersionDate "1998.11.16"]
[SourceQuality "1"]
[WhiteTeam "Slough"]
[BlackTeam "Witney"]
[WhiteTeamCountry "ENG"]
[BlackTeamCountry "ENG"]

1. e4 e6 2. d4 d5 3. Nc3 Bb4 4. e5 c5 5. a3 Bxc3+ 6. bxc3 Qc7 7. Qg4 f6 8. Nf3 Nc6 9. Qg3 Qf7 10. dxc5 Nge7 11. Bd3 Ng6 12. exf6 gxf6 13. c4 dxc4 14. Bxc4 Rg8 15. 0-0 Nge5 16. Nxe5 Nxe5 17. Bb5+ Ke7 18. Qh3 a6 19. f4 Ng4 20. Bc4 b5 21. cxb6 Bb7 22. Bd2 Bxg2 23. Kxg2 Ne3+ 24. Kf2 Nxc4 25. Bb4+ Ke8 26. Qf3 Nxb6 27. Qc6+ Qd7 28. Qxb6 Rc8 29. Rad1 Qc6 30. Rd8+ Kf7 31. Qxc6 Rxc6 32. Rd7+ Ke8 33. Rfd1 Rxc2+ 34. Kf3 1-0

[Event "BCF-chT 9596 (4NCL) 3rd"]
[Site "England"]
[Date "1996.04.28"]
[Round "10.45"]
[White "Hackett, David G"]
[Black "Law, Andrew P"]
[Result "0-1"]
[WhiteElo "2225"]
[BlackElo "2355"]
[PlyCount "68"]
[EventDate "1995.11.25"]
[EventType "team-tourn"]
[EventRounds "13"]
[EventCountry "ENG"]
[SourceTitle "EXT 2019"]
[Source "ChessBase"]
[SourceDate "2018.10.10"]
[SourceVersion "1"]
[SourceVersionDate "2018.10.10"]
[SourceQuality "1"]
[WhiteTeam "Witney"]
[BlackTeam "London Wood Green"]
[WhiteTeamCountry "ENG"]
[BlackTeamCountry "ENG"]

1. e4 e5 2. Nf3 Nc6 3. Bb5 a6 4. Bxc6 dxc6 5. 0-0 Bd6 6. d3 Ne7 7. Nbd2 c5 8. Nc4 Nc6 9. c3 0-0 10. Ne3 Re8 11. h4 Be7 12. h5 Be6 13. Qe2 Qd7 14. Nh2 Rad8 15. Rd1 Bg5 16. g4 Bf4 17. Nf5 Bxh2+ 18. Kxh2 c4 19. Qf3 f6 20. h6 g6 21. Ne3 cxd3 22. Qxf6 Rf8 23. Qh4 Qf7 24. Nf5 Bxa2 25. Bg5 Rd7 26. Rd2 Bb3 27. Ne3 Qf3 28. Rf1 Qxe4 29. f3 Rxf3 30. Rxf3 Qxf3 31. Rf2 Qe4 32. Bd8 Qxe3 33. Rf8+ Kxf8 34. Qf6+ Kg8 0-1